000 00494nam a2200193Ia 4500
005 20250923150001.0
008 008 250917s9999 xx 000 0 eng d
037 _aTextual
040 _aDSWL
_beng
_cDSWL
041 _aeng
_2eng
084 _qDSWL
100 _aGupta, S.P.
_9840991
245 0 _aStatistical Methods
_c by S.P. Gupta
260 _aNew Delhi
_bSultan Chand & Sons
_c1997
365 _aINR
_b175.00
925 _g175.00
942 _cTEXL
999 _c1458127
_d1458127